000 00729nam a2200229Ia 4500
008 160319s9999 xx 000 0 und d
020 _a971-574-075-8
050 _aFIL LB 1576
050 _b.T43 2003 c.2
245 _aTeaching strategies 1 :
245 _bfor the teaching of the communication arts : listening, speaking, reading and writing /
245 _cRebecca D. Alcantara… [et al]
260 _aQuezon City:
260 _bKatha Pub.Co., Inc.,
260 _c2003
300 _a262 pages :
300 _billustrations ;
300 _c26 cm.
500 _aIncludes bibliographical references.
650 _aCommunication arts -- Teaching strategies.
650 _xEnglish -- Study and teaching (Higher).
999 _c291630
_d291630